000 02055nam a22002897a 4500
008 090810t xxu||||| |||| 00| 0 eng d
020 _a9780521715409
082 _a428.2402361
_bALL
_222
100 _aAllum, Virginia.
_98396
245 _aCambridge English for Nursing /
_cVirginia Allum and Patricia McGarr.
260 _aCambridge, U.K. :
_bCambridge University Press, 2008
_c2008.
300 _a120 p. :
_bcol. ill. ;
_c25 cm. +
_e2 sound discs (4 3/4 in.)
490 0 _aCambridge Professional English
_914490
500 _a"... for Intermediate to Upper-Intermediate (B1-B2) level".
650 0 _aEnglish language
_vTextbooks for foreign speakers.
_913799
650 0 _aEnglish language
_98397
_xMedical English.
650 0 _912109
_aNursing.
650 0 _913397
_aEnglish language
_xTechnical English.
700 1 _aMcGarr, Patricia
_98400
942 _2ddc
_cNRB
999 _c12557
_d12557